Penetration Testing a Hands on Introduction to Hacking (Record no. 12173)

MARC details
000 -LEADER
fixed length control field 00389nam a22001577a 4500
003 - CONTROL NUMBER IDENTIFIER
control field OSt
008 - FIXED-LENGTH DATA ELEMENTS--GENERAL INFORMATION
fixed length control field 240119b |||||||| |||| 00| 0 eng d
020 ## - INTERNATIONAL STANDARD BOOK NUMBER
International Standard Book Number 9781593275648
082 ## - DEWEY DECIMAL CLASSIFICATION NUMBER
Classification number 005.8 WEP
100 ## - MAIN ENTRY--PERSONAL NAME
Personal name WEIDMAN, Georgia
245 ## - TITLE STATEMENT
Title Penetration Testing a Hands on Introduction to Hacking
250 ## - EDITION STATEMENT
Edition statement 12th Ed
260 ## - PUBLICATION, DISTRIBUTION, ETC. (IMPRINT)
Place of publication, distribution, etc USA
Name of publisher, distributor, etc No Starch Press
300 ## - PHYSICAL DESCRIPTION
Extent 495
942 ## - ADDED ENTRY ELEMENTS (KOHA)
Source of classification or shelving scheme Dewey Decimal Classification
Koha item type Text Books
Holdings
Withdrawn status Lost status Source of classification or shelving scheme Damaged status Not for loan Collection code Home library Current library Date acquired Source of acquisition Currency Cost, normal purchase price Bill Number Total Checkouts Full call number Acc. no. / Barcode Date last seen Actual Cost, discounted price Bill Date Koha item type Date last borrowed
    Dewey Decimal Classification     Computer Science & Engineering in Cyber Security PIET C-LIBRARY PIET C-LIBRARY 13/01/2024 Zafaa Books and Distributors In rupees 4329.00 ZBD0323   005.8 WEP 35358 19/01/2024 4329.00 13/01/2024 Reference Books  
    Dewey Decimal Classification     Computer Science & Engineering in Cyber Security PIET C-LIBRARY PIET C-LIBRARY 13/01/2024 Zafaa Books and Distributors In rupees 4329.00 ZBD0323 5 005.8 WEP 35359 05/03/2026 4329.00 13/01/2024 Text Books 16/02/2026
    Dewey Decimal Classification     Computer Science & Engineering in Cyber Security PIET C-LIBRARY PIET C-LIBRARY 13/01/2024 Zafaa Books and Distributors In rupees 4329.00 ZBD0323 7 005.8 WEP 35360 23/04/2026 4329.00 13/01/2024 Text Books 01/04/2026

Design & Developed by: PIET Central Library
R70 Miles Stone Pattikalyana Samalkha Panipat 132102
mail ID :- [email protected], Phone No:- 0180-2569700 Ex.216